00461nam a2200133Ia 4500003000400000008004100004040001600045082001700061100003200078245012500110260005700235490000500292650003000297GCL140319s9999 xx 000 0 ara d aGCL / cGCL04a091.1bج ا1 aجروهمان، ادولف10aاوراق البردى العربية بدار الكتب المصرية: Arabic Papyri / cجروهمان، ادولف a[S.N] : bدار الكتب المصرية ، c1974 a04aوثائق ادارية